Score 0/300 Timer 20:00
0 Plays Today
Hint Answer % Correct
DDiana
92.3%
DDia
92.3%
AAda
84.6%
AAddison
84.6%
AAdriana
84.6%
AAdrianna
84.6%
AAddie
84.6%
AAddy
84.6%
DDaniela
84.6%
DDiane
84.6%
DDina
84.6%
DDani
84.6%
DDeborah
84.6%
AAdeline
76.9%
AAdele
76.9%
AAdelyn
76.9%
AAdalyn
76.9%
AAdalynn
76.9%
AAddyson
76.9%
AAdrienne
76.9%
AAdela
76.9%
DDaisy
76.9%
DDestiny
76.9%
DDana
76.9%
LLinda
76.9%
MMadeline
76.9%
MMadelyn
76.9%
MMadalyn
76.9%
MMadison
76.9%
MMaddison
76.9%
SSandra
76.9%
DDonna
76.9%
JJade
76.9%
JJayde
76.9%
DDenise
76.9%
AAdelynn
69.2%
AAdaline
69.2%
AAudrey
69.2%
AAudrey
69.2%
DDanielle
69.2%
DDaniella
69.2%
DDesiree
69.2%
DDelilah
69.2%
HHayden
69.2%
AAndrea
69.2%
LLondon
69.2%
MMadelynn
69.2%
MMaddy
69.2%
MMadilyn
69.2%
MMadilynn
69.2%
MMadalynn
69.2%
SSadie
69.2%
IIda
69.2%
DDawn
69.2%
DDorothy
69.2%
JJada
69.2%
JJaida
69.2%
JJayda
69.2%
DDella
69.2%
JJayden
69.2%
AAmanda
61.5%
AAdilyn
61.5%
AAdilynn
61.5%
AAddisyn
61.5%
AAudree
61.5%
AAudrie
61.5%
BBridget
61.5%
DDevyn
61.5%
IIndi
61.5%
IIndia
61.5%
JJordyn
61.5%
JJordan
61.5%
JJudy
61.5%
JJudith
61.5%
KKendra
61.5%
KKennedy
61.5%
KKennedi
61.5%
KKayden
61.5%
KKadence
61.5%
CCadence
61.5%
CCandice
61.5%
CCandace
61.5%
CCadence
61.5%
LLindsey
61.5%
LLindsay
61.5%
LLondyn
61.5%
MMadeleine
61.5%
MMaddie
61.5%
MMadyson
61.5%
NNadia
61.5%
MMelody
61.5%
JJaide
61.5%
HHadley
61.5%
HHadlee
61.5%
HHadleigh
61.5%
AAlexandra
61.5%
CCassidy
61.5%
KKassidy
61.5%
DDaphne
61.5%
EEdith
61.5%
Hint Answer % Correct
DDeanna
61.5%
AAdelina
53.8%
AAdrianne
53.8%
AAdella
53.8%
DDaniele
53.8%
DDaria
53.8%
DDakota
53.8%
DDahlia
53.8%
DDevon
53.8%
KKaydence
53.8%
CCaydence
53.8%
LLydia
53.8%
MMagda
53.8%
NNadine
53.8%
SSandy
53.8%
AAlexandria
53.8%
AAlessandra
53.8%
AAlejandra
53.8%
SSydney
53.8%
SSidney
53.8%
CCassandra
53.8%
KKassandra
53.8%
EEsmeralda
53.8%
ZZelda
53.8%
DDebra
53.8%
DDarcy
53.8%
DDarlene
53.8%
AAdelle
46.2%
AAddalyn
46.2%
AAddalynn
46.2%
AAdyson
46.2%
AAudriana
46.2%
AAudrianna
46.2%
BBrenda
46.2%
DDianna
46.2%
EEden
46.2%
EEdna
46.2%
FFrida
46.2%
CCandy
46.2%
MMadisyn
46.2%
MMaddyson
46.2%
HHadlie
46.2%
DDelaney
46.2%
DDemi
46.2%
MMatilda
46.2%
DDavina
46.2%
DDylan
46.2%
JJaiden
46.2%
CClaudia
46.2%
DDania
46.2%
WWendy
46.2%
AAddilyn
38.5%
AAddelyn
38.5%
AAudra
38.5%
BBridgette
38.5%
DDianne
38.5%
HHaiden
38.5%
IIndie
38.5%
IIndiana
38.5%
AAndi
38.5%
KKendall
38.5%
MMaddilyn
38.5%
MMaddilynn
38.5%
MMaddelyn
38.5%
MMaddelynn
38.5%
MMaddalynn
38.5%
MMelodie
38.5%
DDelta
38.5%
MMiranda
38.5%
VVida
38.5%
AAida
38.5%
AAyda
38.5%
TTheodora
38.5%
DDarcie
38.5%
DDanika
38.5%
DDarla
38.5%
MMelinda
38.5%
DDeanne
38.5%
DDeena
38.5%
AAddelynn
30.8%
AAriadne
30.8%
DDayna
30.8%
GGlenda
30.8%
AAndie
30.8%
MMaddisyn
30.8%
RRosalind
30.8%
AAstrid
30.8%
HHeidi
30.8%
DDallas
30.8%
DDream
30.8%
GGwendolyn
30.8%
MMeredith
30.8%
EElodie
30.8%
AAdalee
30.8%
AAdaleigh
30.8%
DDrew
30.8%
GGoldie
30.8%
AAdah
30.8%
DDeirdre
30.8%
BBernadette
30.8%
Hint Answer % Correct
AAlondra
23.1%
IIndigo
23.1%
SSydnee
23.1%
MMathilda
23.1%
DDaleyza
23.1%
MMeadow
23.1%
MMercedes
23.1%
DDiamond
23.1%
DDelphine
23.1%
DDiya
23.1%
CChandler
23.1%
CChandra
23.1%
CCordelia
23.1%
JJadyn
23.1%
AAdalie
23.1%
JJude
23.1%
DDelanie
23.1%
BBirdie
23.1%
DDanah
23.1%
AAdelia
23.1%
AAdalia
23.1%
AAndy
23.1%
RRudy
23.1%
AAdina
15.4%
AArden
15.4%
HHolland
15.4%
KKyndall
15.4%
CCamden
15.4%
CCamdyn
15.4%
KKandice
15.4%
RRosalinda
15.4%
IIsadora
15.4%
DDixie
15.4%
GGlennda
15.4%
AAndriel
15.4%
DDenver
15.4%
HHadassah
15.4%
HHadassa
15.4%
VVayda
15.4%
ZZendaya
15.4%
DDua
15.4%
AAdaley
15.4%
IIreland
15.4%
DDara
15.4%
MMarigold
15.4%
HHudson
15.4%
MMaddox
15.4%
PPrudence
15.4%
DDariana
15.4%
RRidley
15.4%
RRandi
15.4%
AAdilene
7.7%
AAdora
7.7%
FFernanda
7.7%
CCadance
7.7%
CCaidence
7.7%
MMadelaine
7.7%
NNadene
7.7%
RRosamund
7.7%
UUda
7.7%
SSidnee
7.7%
AAditi
7.7%
FFarida
7.7%
JJoud
7.7%
CClaudette
7.7%
DDannah
7.7%
MMatilde
7.7%
DDisha
7.7%
RRida
7.7%
DDarianna
7.7%
SShandy
7.7%
AAdra
0%
BBrigid
0%
KKaydance
0%
KKaydan
0%
KKaydin
0%
KKadance
0%
CCaydance
0%
CCaidance
0%
MMadilene
0%
OOddessa
0%
OOddette
0%
TThandi
0%
CCassondra
0%
KKassondra
0%
AAndrielle
0%
AAndriella
0%
DDove
0%
CChondra
0%
EEmeralda
0%
TTheadora
0%
SScotland
0%
LLavendar
0%
DDipa
0%
DDeepa
0%
RRidlee
0%
SShandi
0%
SSeeda
0%
SSyda
0%
SSyanda
0%
Remove Ads.
Support Sporcle.
Get the best of Sporcle when you Go Orange. This ad-free experience offers more features, more stats, and more fun while also helping to support Sporcle. Thank you for becoming a member.

You're not logged in!

Compare scores with friends on all Sporcle quizzes.
OR
Log In

Sporcle TV

Today on Sporcle TV


Watch our educational content, quiz creation guides, and fun videos on Sporcle TV.

Show Comments

Extras

Created May 15, 2020ReportNominate
Tags:300, girl

Top Quizzes Today


Score Distribution

Paid Content

Your Account Isn't Verified!

In order to create a playlist on Sporcle, you need to verify the email address you used during registration. Go to your Sporcle Settings to finish the process.

Report this User

Report this user for behavior that violates our Community Guidelines.

Details: